Vista normal
Vista MARC
Entrada Geographic Name
Número de registros utilizados en: 1
001 - CONTROL NUMBER
- control field: 39376
003 - CONTROL NUMBER IDENTIFIER
- control field: OSt
005 - DATE AND TIME OF LATEST TRANSACTION
- control field: 20230915232110.0
008 - FIXED-LENGTH DATA ELEMENTS
- fixed length control field: 230915|| aca||aabn | a|a d
040 ## - CATALOGING SOURCE
- Original cataloging agency: OSt
- Transcribing agency: OSt
151 ## - HEADING--GEOGRAPHIC NAME
- Geographic name: POESIA PORTUGUESA - SIGLO XX
670 ## - SOURCE DATA FOUND
- Source citation: Work cat.: (OSt)23206: Pessoa, Fernando, 1888 - 1935 39373, Todos los sueños del mundo = Todos os sonhos do mundo : , 2013